Творения Платона. Т. 1: пер. с греч.

التفاصيل البيبلوغرافية
مؤلفون آخرون: Соловьев В. С. Владимир Сергеевич (переводчик)
الملخص:Посвящается Афанасию Афанасьевичу Фету
اللغة:الروسية
منشور في: Москва, Издание К. Т. Солдатенкова, 1899
الموضوعات:
التنسيق: كتاب
KOHA link:https://koha.lib.tpu.ru/cgi-bin/koha/opac-detail.pl?biblionumber=334585

MARC

LEADER 00000nam0a2200000 4500
001 334585
005 20231102004653.0
035 |a (RuTPU)RU\TPU\book\360840 
090 |a 334585 
100 |a 20170831d1899 k y0rusy50 ca 
101 1 |a rus 
102 |a RU 
105 |a y z 001zy 
200 1 |a Творения Платона. Т. 1  |e пер. с греч.  |f пер. В. С. Соловьева 
210 |a Москва  |c Издание К. Т. Солдатенкова  |c Типо-литография В. Рихтер  |d 1899 
215 |a XII, 376 с. 
300 |a Посвящается Афанасию Афанасьевичу Фету 
320 |a Приложение 346 с. 
600 0 |a Платон  |c древнегреческий философ  |f 428/427-348/347 до н.э.  |2 stltpush  |3 (RuTPU)RU\TPU\pers\374  |9 186 
606 |a Греческая философия древняя  |z 4 в. до н.э.  |2 stltpush  |3 (RuTPU)RU\TPU\subj\8638  |9 36010 
610 1 |a древнегреческая философия 
610 1 |a диалоги 
610 1 |a Сократ 
610 1 |a Сократ 
610 1 |a мудрость 
610 1 |a Хармид 
610 1 |a Лахес 
686 |a Ю3(0)321  |v LBC/SL-A  |2 rubbk 
702 1 |a Соловьев  |b В. С.  |c русский философ, богослов  |c поэт, публицист  |c литературный критик конца XIX века  |f 1853-1900  |g Владимир Сергеевич  |2 stltpush  |3 (RuTPU)RU\TPU\pers\26346  |4 730  |9 12099 
801 1 |a RU  |b 63413507  |c 20170831 
801 2 |a RU  |b 63413507  |c 20170831  |g RCR 
942 |c BK